000 00679cam a2200241Mi 4500
001 42777
005 20230411085610.0
008 911030n1979uuuuru a f 000 0 spa d
035 _a(OCoLC)ocm48281178
040 _aEL$
_bspa
_cEL$
_dOCLCQ
035 _a(OCoLC)48281178
049 _aGRAL
050 1 4 _aTK 85
_bS823e 1979
082 0 0 _a621.393
100 1 _aSteklov, Vladimir lUr'evich.
245 1 3 _aLa electrificación de la URSS /
_cV. Steklov.
260 _aMoscú :
_bEdiciones en Lenguas Extranjeras,
_c[1979?]
300 _a174 p. :
_bilus. ;
_c20 cm.
650 0 _aElectrification
_zSoviet Union.
942 _2lcc
_cbk
946 _aclperez
994 _aC0
_bDRFGD
999 _c104431
_d104431